00385nam a2200121Ia 4500008004100000082001800041100003400059245003900093260004500132300000800177630003900185730003900224100122s9999 xx 000 0 und d b18758a823.08 aदेवकुळे ज ग aवाघिणीची चाल bशिरीष एजन्सीc1972 a150 aवाघिणीची चाल aवाघिणीची चाल